000 00624nam a2200217 i 4500
001 30381
003 ES-MaACL
005 20230906154202.0
007 t|
008 030124s1985 fr a |||| | fre d
020 _a2-02-008663-8
080 _a910.4(5):339
100 1 _aBeurdeley, Cécile.
_928707
245 1 0 _aSur les routes de la soie
_b: le grand voyage des objets d'art /
_cCécile Beurdeley.
260 _a[Paris] :
_bSeuel,
_c1985.
300 _a223 p. :
_bprincipalmente il. ;
_c29 cm.
500 _aÍndice.
504 _aBibliografía.
651 4 _aRuta de la Seda.
_9151299
852 _aES-MaACL
_jG-6932
999 _c30381
_d30381